<?xml version="1.0" encoding="UTF-8"?>
<record
    xmlns:xsi="http://www.w3.org/2001/XMLSchema-instance"
    xsi:schemaLocation="http://www.loc.gov/MARC21/slim http://www.loc.gov/standards/marcxml/schema/MARC21slim.xsd"
    xmlns="http://www.loc.gov/MARC21/slim">

  <leader>00572nam a22001817a 4500</leader>
  <datafield tag="999" ind1=" " ind2=" ">
    <subfield code="c">109603</subfield>
    <subfield code="d">109603</subfield>
  </datafield>
  <datafield tag="010" ind1=" " ind2=" ">
    <subfield code="a">A-374842</subfield>
  </datafield>
  <datafield tag="020" ind1=" " ind2=" ">
    <subfield code="c">20.00</subfield>
  </datafield>
  <datafield tag="035" ind1=" " ind2=" ">
    <subfield code="a">A-374842</subfield>
  </datafield>
  <datafield tag="037" ind1=" " ind2=" ">
    <subfield code="b">BPPD</subfield>
  </datafield>
  <datafield tag="082" ind1=" " ind2=" ">
    <subfield code="a">840</subfield>
  </datafield>
  <datafield tag="100" ind1=" " ind2=" ">
    <subfield code="a">&#x627;&#x628;&#x648; &#x627;&#x644;&#x644;&#x64A;&#x62B; &#x635;&#x62F;&#x651;&#x64A;&#x642;&#x64A;</subfield>
  </datafield>
  <datafield tag="245" ind1=" " ind2=" ">
    <subfield code="a">&#x622;&#x62C; &#x6A9;&#x627; &#x627;&#x631;&#x62F;&#x648; &#x627;&#x62F;&#x628; /</subfield>
    <subfield code="b">&#x627;&#x628;&#x648; &#x627;&#x644;&#x627;&#x6CC;&#x62B; &#x635;&#x62F;&#x6CC;&#x642;&#x6CC;</subfield>
  </datafield>
  <datafield tag="246" ind1=" " ind2=" ">
    <subfield code="a">Aaj Ka Urdu Adab /</subfield>
    <subfield code="b">by Abuwails Siddiqi</subfield>
  </datafield>
  <datafield tag="260" ind1=" " ind2=" ">
    <subfield code="a">&#x639;&#x644;&#x6CC; &#x6AF;&#x691;&#x6BE; </subfield>
    <subfield code="b">&#x627; &#x64A;&#x62C;&#x648; &#x6A9;&#x634;&#x646;&#x644; &#x628;&#x6A9; &#x6C1;&#x627;&#x624;&#x633;</subfield>
    <subfield code="c">1986 &#x621;</subfield>
  </datafield>
  <datafield tag="270" ind1=" " ind2=" ">
    <subfield code="a">&#x645;&#x633;&#x644;&#x645; &#x64A;&#x646;&#x6CC; &#x648;&#x631; &#x633;&#x679;&#x64A; &#x645;&#x627;&#x631;&#x6A9;&#x6CC;&#x679; </subfield>
    <subfield code="b">&#x639;&#x644;&#x6CC;&#x6AF;&#x691;&#x6BE;</subfield>
    <subfield code="e">202001</subfield>
  </datafield>
  <datafield tag="300" ind1=" " ind2=" ">
    <subfield code="a">328&#x635;</subfield>
    <subfield code="c">19cm(Hb)</subfield>
  </datafield>
  <datafield tag="942" ind1=" " ind2=" ">
    <subfield code="2">ddc</subfield>
    <subfield code="c">UR</subfield>
    <subfield code="k">840</subfield>
    <subfield code="m">&#x635; &#x62F; &#x6CC;</subfield>
  </datafield>
  <datafield tag="952" ind1=" " ind2=" ">
    <subfield code="0">0</subfield>
    <subfield code="1">0</subfield>
    <subfield code="4">0</subfield>
    <subfield code="7">0</subfield>
    <subfield code="a">L</subfield>
    <subfield code="b">L</subfield>
    <subfield code="d">2016-04-11</subfield>
    <subfield code="l">0</subfield>
    <subfield code="o">840 &#x635; &#x62F; &#x6CC;</subfield>
    <subfield code="p">A-374842</subfield>
    <subfield code="r">2016-04-11 00:00:00</subfield>
    <subfield code="v">20.00</subfield>
    <subfield code="w">2016-04-11</subfield>
    <subfield code="y">UR</subfield>
  </datafield>
</record>
